|
|
|
|
| LEADER |
00000nkm a2200000 a 4500 |
| 001 |
vtls001396364 |
| 003 |
SK-MaSNL |
| 005 |
20260331204637.0 |
| 007 |
kf co |
| 008 |
230718s1972 xo g 0kuslo |
| 015 |
|
|
|a SNBG1972
|
| 035 |
|
|
|a SNK000350739
|
| 035 |
|
|
|a urn:nbn:sk:snk-km3lzzk
|
| 035 |
|
|
|a 4D1D1B61-A831-4498-807B-A6BD4BC15348
|
| 035 |
|
|
|a urn:nbn:sk:snk-km00dna1
|
| 040 |
|
|
|a SNK
|b slo
|c SNK
|e AACR2
|
| 041 |
0 |
|
|a slo
|
| 044 |
|
|
|a xo
|c SK
|
| 072 |
|
7 |
|a 913
|x Regionálna geografia
|2 konspekt
|
| 080 |
|
|
|a 913(437.6)
|2 2011
|
| 080 |
|
|
|a 379.83
|2 2011
|
| 080 |
|
|
|a (084.121)
|2 2011
|
| 100 |
1 |
|
|a Lhota, B.
|c (fotograf)
|4 pht
|9 296020
|
| 245 |
1 |
0 |
|a Trnava a okolie
|h grafika
|b Trnava : Dolná Krupá, Jahodník - rekreačné stredisko "Mládežník" : Buková - rekreačná oblasť : Kúpalisko na Jahodníku
|c foto: B. Lhota, I. Ondrejkovič
|
| 260 |
|
|
|a Bratislava
|b Pressfoto
|c 1972
|
| 300 |
|
|
|a 1 pohľadnica (6 čiastkových pohľadov)
|b farebná
|c 11 x 15 cm
|
| 500 |
|
|
|a Názov z obrazovej časti pohľadnice
|
| 520 |
8 |
|
|a Zobrazenie: pohľady na turistické zaujímavosti regiónu Trnava ; snímky červeno orámované, uprostred v bielom poli nápis Trmava a okolie
|
| 650 |
0 |
7 |
|a rekreačné strediská
|2 SNKPH
|9 75706
|
| 651 |
|
7 |
|a Trnava (Slovensko)
|2 SNKPHgeo
|9 19407
|
| 651 |
|
7 |
|a Dolná Krupá (Slovensko)
|2 SNKPHgeo
|9 81319
|
| 651 |
|
7 |
|a Trnava (Slovensko : okres)
|2 SNKPHgeo
|9 51837
|
| 651 |
|
7 |
|a Jahodník (Smolenice, Slovensko)
|2 SNKPHgeo
|9 56764
|
| 651 |
|
7 |
|a Buková (Slovensko)
|2 SNKPHgeo
|9 104828
|
| 655 |
|
7 |
|a miestne pohľadnice
|2 SNKPH
|9 70510
|
| 700 |
1 |
|
|a Ondrejkovič, Ivan,
|d 1935-1998
|4 pht
|9 7599
|
| 852 |
|
|
|a Slovenská národná knižnica
|
| 954 |
|
|
|a pohľadnice pôvodné (slovenské)
|2 lita
|
| 954 |
|
|
|a pohľadnice cudzojazyčné (svetové)
|2 lita
|
| 958 |
|
|
|a GBN
|
| 958 |
|
|
|a GC
|
| 958 |
|
|
|a OND
|
| 958 |
|
|
|a EUIPO
|
| 999 |
|
|
|c 552113
|d 554043
|
| 952 |
|
|
|t P60, <03>, [BOOK], {603}
|a SNK
|b SNK
|y PREZ
|7 0
|p 17A1333739
|o snkSP 149603 D1
|i snkPV 952/2000
|0 0
|1 0
|4 0
|d 2000-09-19
|l 0
|r 2005-01-02 00:00:00
|w 2026-02-23
|
| 952 |
|
|
|a SNK
|b SNK
|y PREZ
|7 0
|p 17A1333738
|o snkSP 149603
|0 0
|1 0
|4 0
|d 2018-07-16
|f 1
|l 0
|r 2026-02-23 13:13:40
|w 2026-02-23
|
| 952 |
|
|
|a SNK
|b SNK
|y PREZ
|7 0
|p 17A1333740
|o snkSP 149603 D2
|i snkPV 2148/2000
|0 0
|1 0
|4 0
|d 2018-07-16
|l 0
|r 2026-02-23 13:13:40
|w 2026-02-23
|
| 952 |
|
|
|a SNK
|b SNK
|y PREZ
|7 0
|p 17A0238055
|o snkSP 149603 D3
|z Prešla poštou
|0 0
|1 0
|4 0
|d 2018-07-16
|l 0
|r 2026-02-23 13:13:40
|w 2026-02-23
|
| 952 |
|
|
|a SNK
|b SNK
|y PREZ
|7 0
|p 17A1333741
|o snkSP 149603 D4
|z Prešla poštou
|0 0
|1 0
|4 0
|d 2018-07-16
|l 0
|r 2026-02-23 13:13:40
|w 2026-02-23
|